000 00918nas a2200301 4500
001 BR7600787
003 BR-BrBNA
005 20231205082914.0
007 ta
008 230509b bl.|||p| |||| 00| 00por d
040 _aBR-BrBNA
_bpor
_cBiblioteca Nacional de Agricultura
041 _a(Pt)
072 _aL30
100 1 _aVelloso, L.
100 1 _aSilva, L.R.M. da
100 1 _aBoin, C.
100 1 _aRocha, G.L. da
245 1 _aDesenvolvimento de bovinos mesticos holandeses inteiros e castrados, em regime de confinamento e as caracteristicas das carcacas [Brasil]
650 _aGADO HOLANDES
650 _aCASTRACAO
650 _aCONFINAMENTO
650 _aRACAO
650 _aENGORDA
650 _aGANHO DE PESO
773 0 _tBoletim de Industria Animal (Brazil)
_xISSN 0067-9615
_g(Jan 1975), v. 32(1) p. 37-45
_wBR7600787
909 _a202311
_bLúcia
_c55
_dLúcia Elande
942 _2AGRIS
_n0
_cANA
999 _c94994
_d94994